[Event "Univé Chess Tournament 2009 - Open"]
[Site "Hoogeveen NED"]
[Date "2009.10.16"]
[Round "1.1"]
[White "Vinke, Andreas"]
[Black "Friedel, Joshua E"]
[Result "1/2-1/2"]
[WhiteElo "2232"]
[BlackElo "2555"]
[PlyCount "156"]
[EventDate "2009.10.16"]
[EventType "swiss"]
[EventRounds "9"]
[EventCountry "NED"]
[Source "lmi"]
[SourceDate "2009.10.16"]

1. c4 e5 2. Nc3 Nf6 3. Nf3 Nc6 4. g3 Bb4 5. Bg2 O-O 6. O-O Re8 7. Nd5 e4 8. Ne1
Nxd5 9. cxd5 Nd4 10. e3 Nf5 11. f3 exf3 12. Qxf3 d6 13. Nc2 Bc5 14. b4 Bb6 15.
Bb2 Qg5 16. Nd4 Bxd4 17. Bxd4 Re7 18. Bc3 Nh6 19. e4 Bd7 20. Qd3 Rae8 21. Rf4
a6 22. Qd4 Ng4 23. Bh3 h5 24. Bxg4 Bxg4 25. Raf1 f6 26. d3 Bh3 27. R1f2 h4 28.
Qe3 hxg3 29. hxg3 Bd7 30. Qf3 c6 31. dxc6 bxc6 32. Rh4 d5 33. Bd2 dxe4 34. Rxe4
Qg6 35. Rfe2 Rxe4 36. Rxe4 Rxe4 37. dxe4 Bg4 38. Qf4 Qh5 39. Qb8+ Kh7 40. Qf4
Kg8 41. Qb8+ Kh7 42. Qf4 Kg6 43. a4 Bh3 44. Qf2 Qd1+ 45. Kh2 Bg4 46. a5 Bf3 47.
Qe1 Qc2 48. Qe3 Bxe4 49. Qf4 Kh7 50. Kg1 g5 51. Qe3 Kg6 52. Kf2 Qb1 53. Qe1 Qd3
54. Qe2 Qd4+ 55. Qe3 Qd5 56. Ke2 Kh5 57. Kf2 Kg4 58. Qe2+ Bf3 59. Qe3 Qf5 60.
Be1 Bd5+ 61. Kg1 Qc2 62. Bd2 Qd1+ 63. Be1 Kh3 64. Qf2 Kg4 65. Qe3 f5 66. Kf2
Bc4 67. Kg2 Qd5+ 68. Kf2 Kh3 69. Qf3 Qd4+ 70. Qe3 Qd1 71. Qd2 Qg4 72. Qe3 Kh2
73. Qf3 Qh3 74. Ke3 f4+ 75. gxf4 gxf4+ 76. Kxf4 Qh6+ 77. Ke5 Qe6+ 78. Kd4 Qd5+
1/2-1/2

[Event "Univé Chess Tournament 2009 - Open"]
[Site "Hoogeveen NED"]
[Date "2009.10.16"]
[Round "1.2"]
[White "Nijboer, Friso"]
[Black "Lagrotteria, Salvatore"]
[Result "1-0"]
[WhiteElo "2540"]
[BlackElo "2221"]
[PlyCount "57"]
[EventDate "2009.10.16"]
[EventType "swiss"]
[EventRounds "9"]
[EventCountry "NED"]
[Source "lmi"]
[SourceDate "2009.10.16"]

1. e4 e6 2. d4 d5 3. Nc3 Bb4 4. e5 c5 5. a3 Bxc3+ 6. bxc3 Qa5 7. Bd2 Qa4 8. Qb1
c4 9. Ne2 f6 10. exf6 Nxf6 11. Ng3 Nc6 12. Be2 Bd7 13. O-O O-O-O 14. Re1 h6 15.
Qd1 g6 16. Bf3 Rdg8 17. h3 Ne7 18. Bf4 Qc6 19. Qe2 g5 20. Be5 Rf8 21. Nh5 Nxh5
22. Bxh5 Rhg8 23. a4 Be8 24. Bg4 Nf5 25. Bh2 Kd7 26. a5 Bg6 27. Rab1 Ng7 28.
Rb2 h5 29. Reb1 1-0

[Event "Univé Chess Tournament 2009 - Open"]
[Site "Hoogeveen NED"]
[Date "2009.10.16"]
[Round "1.3"]
[White "Hulshof, Peter"]
[Black "Ulibin, Mikhail"]
[Result "1-0"]
[WhiteElo "2216"]
[BlackElo "2533"]
[PlyCount "83"]
[EventDate "2009.10.16"]
[EventType "swiss"]
[EventRounds "9"]
[EventCountry "NED"]
[Source "lmi"]
[SourceDate "2009.10.16"]

1. e4 c5 2. Nc3 Nc6 3. g3 g6 4. Bg2 Bg7 5. d3 d6 6. f4 e6 7. Nf3 Nge7 8. O-O
O-O 9. Be3 Nd4 10. e5 Nef5 11. Bf2 Nxf3+ 12. Qxf3 Nd4 13. Qd1 dxe5 14. fxe5
Bxe5 15. Ne4 f5 16. Nxc5 Qc7 17. b4 f4 18. c3 Nf5 19. g4 f3 20. Bxf3 Bxh2+ 21.
Kg2 Ne7 22. Qe2 Be5 23. d4 Bd6 24. Nxe6 Bxe6 25. Qxe6+ Kg7 26. c4 Rf6 27. Qe2
Raf8 28. Bh4 g5 29. Bxg5 Ng6 30. Bxf6+ Rxf6 31. Bd5 Nf4+ 32. Rxf4 Bxf4 33. Re1
Bd6 34. c5 Bf8 35. Qe5 Qxe5 36. dxe5 Rf4 37. Re4 Rxe4 38. Bxe4 Kf7 39. Bxb7 Ke7
40. Kf3 Bh6 41. Ke4 Bd2 42. b5 1-0

[Event "Univé Chess Tournament 2009 - Open"]
[Site "Hoogeveen NED"]
[Date "2009.10.16"]
[Round "1.4"]
[White "Brodsky, Michail"]
[Black "Haast, Anne"]
[Result "1-0"]
[WhiteElo "2530"]
[BlackElo "2215"]
[PlyCount "73"]
[EventDate "2009.10.16"]
[EventType "swiss"]
[EventRounds "9"]
[EventCountry "NED"]
[Source "lmi"]
[SourceDate "2009.10.16"]

1. d4 Nf6 2. c4 c5 3. d5 e6 4. Nc3 exd5 5. cxd5 d6 6. e4 g6 7. h3 Bg7 8. Nf3
O-O 9. Bd3 b5 10. O-O c4 11. Bc2 b4 12. Ne2 Re8 13. Ng3 Nbd7 14. Be3 Ba6 15.
Re1 Qc7 16. Bd4 Rab8 17. Ba4 Re7 18. Bc6 Rbe8 19. Qa4 Qc8 20. Qxb4 Nxe4 21.
Rxe4 Rxe4 22. Bxg7 Kxg7 23. Nxe4 Rxe4 24. Qxd6 Nf6 25. Qc5 Qf5 26. Qxa7 Bc8 27.
d6 Re2 28. Qd4 Qd3 29. d7 Bxd7 30. Bxd7 Qxd4 31. Nxd4 Rd2 32. Ne6+ fxe6 33.
Bxe6 Rxb2 34. Bxc4 Ne4 35. a4 Nd6 36. Bd5 Rd2 37. Bf3 1-0

[Event "Univé Chess Tournament 2009 - Open"]
[Site "Hoogeveen NED"]
[Date "2009.10.16"]
[Round "1.5"]
[White "Hovenga, Alje"]
[Black "Haslinger, Stewart"]
[Result "0-1"]
[WhiteElo "2206"]
[BlackElo "2529"]
[PlyCount "98"]
[EventDate "2009.10.16"]
[EventType "swiss"]
[EventRounds "9"]
[EventCountry "NED"]
[Source "lmi"]
[SourceDate "2009.10.16"]

1. d4 d5 2. c4 c6 3. Nf3 Nf6 4. Nc3 a6 5. e3 e6 6. Bd3 dxc4 7. Bxc4 b5 8. Bd3
c5 9. O-O Bb7 10. Qe2 Nbd7 11. Rd1 Qb8 12. Bd2 Bd6 13. h3 O-O 14. Rac1 Re8 15.
Bb1 cxd4 16. Nxd4 Nb6 17. a3 Nc4 18. Be1 Bf8 19. Ba2 Nd6 20. Nb1 Rc8 21. Ba5
Nde4 22. Nd2 Nxd2 23. Qxd2 Qe5 24. Qe2 Rxc1 25. Rxc1 Bd6 26. f4 Qe4 27. Qf3
Qxd4 28. exd4 Bxf3 29. gxf3 Bxf4 30. Rd1 Rc8 31. Bb3 Nd5 32. Kf2 Rc1 33. Ke2
Rxd1 34. Kxd1 Be3 35. Bc3 Nf4 36. h4 h5 37. Bc2 g5 38. hxg5 h4 39. Be1 h3 40.
Bg3 Nh5 41. Bh2 Bxg5 42. f4 Bxf4 43. Bxf4 Nxf4 44. Be4 h2 45. Ke1 Nd3+ 46. Kf1
Nxb2 47. Kg2 Nc4 48. a4 bxa4 49. Kxh2 Nd2 0-1

[Event "Univé Chess Tournament 2009 - Open"]
[Site "Hoogeveen NED"]
[Date "2009.10.16"]
[Round "1.6"]
[White "Kraai, Jesse"]
[Black "Admiraal, Miguoel"]
[Result "1-0"]
[WhiteElo "2526"]
[BlackElo "2194"]
[PlyCount "83"]
[EventDate "2009.10.16"]
[EventType "swiss"]
[EventRounds "9"]
[EventCountry "NED"]
[Source "lmi"]
[SourceDate "2009.10.16"]

1. Nf3 Nf6 2. c4 c6 3. d4 d5 4. e3 g6 5. Nc3 Bg7 6. Be2 O-O 7. O-O dxc4 8. Bxc4
Bg4 9. h3 Bxf3 10. Qxf3 Nbd7 11. Rd1 e5 12. a3 Qe7 13. Ba2 Nb6 14. dxe5 Qxe5
15. Bd2 Rad8 16. Be1 Qh5 17. Qxh5 Nxh5 18. a4 Nd7 19. Ne4 Nhf6 20. Nd6 Rb8 21.
Rac1 Nb6 22. a5 Nbd5 23. a6 bxa6 24. Rxc6 Rb6 25. Rxb6 Nxb6 26. Bb4 Bh6 27. Nc4
Re8 28. Nxb6 axb6 29. Rd6 a5 30. Ba3 Ne4 31. Rd7 Ng5 32. Rb7 Rc8 33. Rxb6 Ne4
34. Rb7 Rc1+ 35. Kh2 Nd2 36. g4 Rc8 37. Rxf7 Kh8 38. Ra7 Ne4 39. Kg2 Bg7 40.
Bd5 Nf6 41. Rxa5 Rd8 42. Ra8 1-0

[Event "Univé Chess Tournament 2009 - Open"]
[Site "Hoogeveen NED"]
[Date "2009.10.16"]
[Round "1.7"]
[White "Pijpers, Arthur"]
[Black "Romanishin, Oleg"]
[Result "0-1"]
[WhiteElo "2190"]
[BlackElo "2515"]
[PlyCount "102"]
[EventDate "2009.10.16"]
[EventType "swiss"]
[EventRounds "9"]
[EventCountry "NED"]
[Source "lmi"]
[SourceDate "2009.10.16"]

1. e4 e5 2. Nf3 Nc6 3. Bb5 a6 4. Ba4 Nf6 5. O-O Be7 6. Re1 b5 7. Bb3 d6 8. c3
O-O 9. h3 Na5 10. Bc2 c5 11. d4 Bb7 12. d5 Nc4 13. b3 Nb6 14. Nbd2 g6 15. Nf1
Nh5 16. Bh6 Re8 17. Qd2 Bf6 18. Ng3 Nf4 19. Ne2 Nxe2+ 20. Rxe2 a5 21. Nh2 Bc8
22. Rf1 Bg7 23. Bxg7 Kxg7 24. f4 exf4 25. Qxf4 Ra7 26. Bd3 b4 27. c4 Qe7 28.
Ref2 a4 29. Bc2 Qd8 30. Nf3 f6 31. g4 Rf8 32. Rg2 Qe7 33. Kh2 axb3 34. axb3 Nd7
35. h4 Ne5 36. Nxe5 fxe5 37. Qxf8+ Qxf8 38. Rxf8 Kxf8 39. Rf2+ Ke7 40. Bd1 Ra1
41. Rd2 Rc1 42. Rd3 Rc3 43. Rxc3 bxc3 44. g5 Kd8 45. Kg3 Kc7 46. Kf3 Kb6 47.
Ke3 Ka5 48. Kd3 Kb4 49. Kc2 Bh3 50. Bf3 Bf1 51. Bh1 Bd3+ 0-1

[Event "Univé Chess Tournament 2009 - Open"]
[Site "Hoogeveen NED"]
[Date "2009.10.16"]
[Round "1.8"]
[White "Kasparov, Sergey"]
[Black "Jellema, Yme Jan"]
[Result "1-0"]
[WhiteElo "2488"]
[BlackElo "2177"]
[PlyCount "67"]
[EventDate "2009.10.16"]
[EventType "swiss"]
[EventRounds "9"]
[EventCountry "NED"]
[Source "lmi"]
[SourceDate "2009.10.16"]

1. e4 c6 2. d4 d5 3. Nc3 dxe4 4. Nxe4 Bf5 5. Ng3 Bg6 6. Nh3 e6 7. Nf4 Qc7 8. h4
Bd6 9. Nxg6 hxg6 10. Ne4 Be7 11. g3 Nf6 12. Ng5 Nh7 13. Nf3 Nd7 14. Bg2 O-O-O
15. O-O e5 16. Re1 f5 17. Nxe5 Nxe5 18. Bf4 Bd6 19. Bxe5 Bxe5 20. Rxe5 Nf6 21.
c3 f4 22. Qf3 fxg3 23. fxg3 Qb6 24. Rb1 Kb8 25. a4 Nd5 26. Qd3 Qb3 27. a5 Qa2
28. Qxg6 Rh6 29. Qe4 Rf6 30. Rg5 a6 31. Rxg7 Qxa5 32. Qe5+ Rfd6 33. Rf1 Qa2 34.
Rg6 1-0

[Event "Univé Chess Tournament 2009 - Open"]
[Site "Hoogeveen NED"]
[Date "2009.10.16"]
[Round "1.9"]
[White "Kasparova, Tatiana"]
[Black "Gruenfeld, Yehuda"]
[Result "1/2-1/2"]
[WhiteElo "2175"]
[BlackElo "2474"]
[PlyCount "154"]
[EventDate "2009.10.16"]
[EventType "swiss"]
[EventRounds "9"]
[EventCountry "NED"]
[Source "lmi"]
[SourceDate "2009.10.16"]

1. e4 c5 2. Nf3 d6 3. Bb5+ Nd7 4. O-O Ngf6 5. Re1 a6 6. Bf1 Ne5 7. Nxe5 dxe5 8.
a4 Bg4 9. Be2 Be6 10. Bf3 g6 11. b3 Bg7 12. Bb2 Qc7 13. Na3 O-O 14. Qe2 Nd7 15.
Nc4 Nb8 16. Bg4 Bxg4 17. Qxg4 Nc6 18. d3 b5 19. Ne3 e6 20. axb5 axb5 21. h3 Nd4
22. Rxa8 Rxa8 23. Ra1 Rxa1+ 24. Bxa1 Qa5 25. Qd1 h5 26. Bxd4 exd4 27. Nf1 Bh6
28. Nh2 Kg7 29. Nf3 f6 30. Qf1 e5 31. Qd1 Qa2 32. g3 Qb2 33. Kg2 Kf7 34. Nh4
Bg5 35. Nf3 Bc1 36. Nh4 Bg5 37. Nf3 Bh6 38. Nh4 Qc1 39. Qxc1 Bxc1 40. Kf3 Bg5
41. Ng2 Ke6 42. Ke2 f5 43. f3 Bf6 44. Kd2 Bg5+ 45. Ke2 f4 46. g4 Bd8 47. gxh5
gxh5 48. Kd2 Kd6 49. c4 dxc3+ 50. Kxc3 Kc6 51. Kb2 Kb6 52. Ne1 Bh4 53. Nc2 Ka5
54. Kc3 Bf2 55. Kb2 Bg1 56. Kc3 Be3 57. Kb2 Bd2 58. Ka2 Kb6 59. Kb2 Kc6 60. Na3
Ba5 61. Nb1 c4 62. bxc4 bxc4 63. Kc2 Kc5 64. Na3 cxd3+ 65. Kxd3 Kb4 66. Nc4 Bc7
67. Nd2 Kb5 68. Nc4 Kc5 69. Kc3 Bb8 70. Kd3 Kb5 71. Kc3 Bc7 72. Na3+ Kc5 73.
Nc4 Bb8 74. Na3 Bd6 75. Nc4 Bc7 76. Kd3 Kb4 77. Nd2 Bb8 1/2-1/2

[Event "Univé Chess Tournament 2009 - Open"]
[Site "Hoogeveen NED"]
[Date "2009.10.16"]
[Round "1.10"]
[White "Genov, Petar"]
[Black "Kabos, Tobias"]
[Result "1-0"]
[WhiteElo "2470"]
[BlackElo "2175"]
[PlyCount "69"]
[EventDate "2009.10.16"]
[EventType "swiss"]
[EventRounds "9"]
[EventCountry "NED"]
[Source "lmi"]
[SourceDate "2009.10.16"]

1. c4 Nf6 2. Nc3 g6 3. d4 Bg7 4. Nf3 O-O 5. Bf4 d6 6. e3 b6 7. Be2 Bb7 8. O-O
Nbd7 9. Qc2 c5 10. d5 Ne8 11. Rad1 Nc7 12. e4 a6 13. a4 a5 14. Rfe1 Na6 15. Bf1
Nb4 16. Qe2 Ne5 17. Nxe5 dxe5 18. Bc1 Ba6 19. g3 Qc8 20. h4 Ra7 21. Kh2 Qe8 22.
Bh3 f5 23. f4 exf4 24. Bxf4 e5 25. exf5 gxf5 26. Bxe5 Qg6 27. Bf4 Bd4 28. Nb5
Bxb5 29. axb5 a4 30. Bg2 Raa8 31. Rxd4 cxd4 32. Qd2 a3 33. bxa3 Rfe8 34. Rxe8+
Qxe8 35. axb4 1-0

[Event "Univé Chess Tournament 2009 - Open"]
[Site "Hoogeveen NED"]
[Date "2009.10.16"]
[Round "1.11"]
[White "Cako, Laszlo"]
[Black "Riemersma, Li"]
[Result "0-1"]
[WhiteElo "2159"]
[BlackElo "2431"]
[PlyCount "60"]
[EventDate "2009.10.16"]
[EventType "swiss"]
[EventRounds "9"]
[EventCountry "NED"]
[Source "lmi"]
[SourceDate "2009.10.16"]

1. e4 c5 2. Nf3 d6 3. d4 cxd4 4. Nxd4 Nf6 5. Nc3 Nc6 6. Bc4 Qb6 7. Nb3 e6 8.
O-O Be7 9. Kh1 a6 10. f4 Qc7 11. Bd3 b5 12. Qf3 Bb7 13. Bd2 O-O 14. Rae1 Nb4
15. Nxb5 axb5 16. Bxb4 Rxa2 17. Qh3 e5 18. Bc3 b4 19. Bxb4 Rxb2 20. Ba5 Qc6 21.
Bb4 Qc7 22. Ba5 Qc8 23. Qe3 Ba6 24. Nd2 Rxc2 25. fxe5 Ng4 26. Qe2 Bxd3 27. Qxd3
Nxe5 28. Qe3 h6 29. Qa7 Nc6 30. Qb6 Bd8 0-1

[Event "Univé Chess Tournament 2009 - Open"]
[Site "Hoogeveen NED"]
[Date "2009.10.16"]
[Round "1.12"]
[White "Caspi, Israel"]
[Black "Potze, Rudolf"]
[Result "1-0"]
[WhiteElo "2404"]
[BlackElo "2156"]
[PlyCount "69"]
[EventDate "2009.10.16"]
[EventType "swiss"]
[EventRounds "9"]
[EventCountry "NED"]
[Source "lmi"]
[SourceDate "2009.10.16"]

1. e4 c5 2. Nf3 Nc6 3. d4 cxd4 4. Nxd4 Nf6 5. Nc3 e5 6. Ndb5 d6 7. Bg5 a6 8.
Na3 b5 9. Nd5 Be7 10. Bxf6 Bxf6 11. c4 Bg5 12. cxb5 Nd4 13. bxa6 O-O 14. h4 Bh6
15. Nc2 Ne6 16. Ncb4 Qa5 17. Bd3 Nf4 18. O-O Nxd5 19. Nxd5 Bxa6 20. Bxa6 Rxa6
21. b4 Qa3 22. Qb3 Rb8 23. Rfb1 Kf8 24. Qxa3 Rxa3 25. Rb3 Rxb3 26. axb3 g6 27.
Kf1 Bd2 28. Ra4 Bc1 29. Ra2 f5 30. f3 fxe4 31. fxe4 h6 32. Ke2 Bf4 33. Ra7 Bg3
34. Rh7 Rb5 35. Kd3 1-0

[Event "Univé Chess Tournament 2009 - Open"]
[Site "Hoogeveen NED"]
[Date "2009.10.16"]
[Round "1.13"]
[White "Sadallah, Osama"]
[Black "Slingerland, Fred"]
[Result "0-1"]
[WhiteElo "2156"]
[BlackElo "2395"]
[PlyCount "128"]
[EventDate "2009.10.16"]
[EventType "swiss"]
[EventRounds "9"]
[EventCountry "NED"]
[Source "lmi"]
[SourceDate "2009.10.16"]

1. d4 d5 2. c4 dxc4 3. Nf3 a6 4. e3 Nf6 5. Bxc4 e6 6. O-O c5 7. Qe2 b5 8. Bd3
Nc6 9. dxc5 Bxc5 10. Nc3 Bb7 11. Ne4 Be7 12. Rd1 Qb6 13. b3 Nb4 14. Nxf6+ Bxf6
15. Bb2 Bxb2 16. Qxb2 O-O 17. Be2 Rac8 18. Rd2 h6 19. Rad1 Nd5 20. Rc1 Rxc1+
21. Qxc1 Qa5 22. Qb2 Rc8 23. a3 Qc3 24. h3 Qxb2 25. Rxb2 Rc1+ 26. Kh2 Nc3 27.
Nd4 Bd5 28. a4 bxa4 29. bxa4 Nxe2 30. Nxe2 Rc4 31. Ra2 Rb4 32. Ra3 Rb2 33. Nf4
Rxf2 34. Nxd5 exd5 35. Rd3 Ra2 36. Rd4 Ra3 37. e4 dxe4 38. Rxe4 g6 39. Rc4 Kg7
40. Rd4 a5 41. Rc4 Kf6 42. Rc6+ Ke7 43. Rc7+ Ke6 44. Rc6+ Kd7 45. Rc4 Kd6 46.
Rf4 f5 47. Rd4+ Ke5 48. Rc4 Kd5 49. Rf4 Rb3 50. Rf1 Rb4 51. Ra1 h5 52. Rd1+ Ke5
53. Re1+ Kf6 54. Ra1 h4 55. Ra2 g5 56. Ra1 g4 57. hxg4 fxg4 58. Ra2 Ke5 59. Ra1
Kd5 60. Kg1 Rc4 61. Kh2 Kc5 62. g3 h3 63. Ra2 Kb4 64. Ra1 Kb3 0-1

[Event "Univé Chess Tournament 2009 - Open"]
[Site "Hoogeveen NED"]
[Date "2009.10.16"]
[Round "1.14"]
[White "Willemze, Thomas"]
[Black "Van der Veen, Jan"]
[Result "1-0"]
[WhiteElo "2391"]
[BlackElo "2144"]
[PlyCount "77"]
[EventDate "2009.10.16"]
[EventType "swiss"]
[EventRounds "9"]
[EventCountry "NED"]
[Source "lmi"]
[SourceDate "2009.10.16"]

1. e4 e5 2. Nf3 Nc6 3. Nc3 Nf6 4. Bb5 Nd4 5. Bc4 d6 6. Nxd4 exd4 7. Nd5 Be6 8.
O-O c6 9. Nxf6+ Qxf6 10. d3 O-O-O 11. Bxe6+ fxe6 12. f4 g6 13. Bd2 Bg7 14. Qg4
Qe7 15. b4 Rhf8 16. a4 Qd7 17. Qh3 Bh8 18. g4 Rf7 19. Rf3 h5 20. g5 Rdf8 21.
Raf1 Bg7 22. Kh1 Kc7 23. Qg2 Kc8 24. Qf2 Kb8 25. Bc1 c5 26. b5 d5 27. Ba3 b6
28. Qg3 Kb7 29. Qh3 dxe4 30. dxe4 a6 31. Qg2 axb5 32. axb5 Kc7 33. Bc1 Qxb5 34.
f5 exf5 35. Bf4+ Kb7 36. exf5 Qc6 37. f6 Bxf6 38. Bg3 c4 39. gxf6 1-0

[Event "Univé Chess Tournament 2009 - Open"]
[Site "Hoogeveen NED"]
[Date "2009.10.16"]
[Round "1.15"]
[White "Galje, Hans"]
[Black "Van Oosterom, Chiel"]
[Result "0-1"]
[WhiteElo "2139"]
[BlackElo "2386"]
[PlyCount "70"]
[EventDate "2009.10.16"]
[EventType "swiss"]
[EventRounds "9"]
[EventCountry "NED"]
[Source "lmi"]
[SourceDate "2009.10.16"]

1. d4 Nf6 2. c4 e6 3. Nc3 Bb4 4. e3 b6 5. Nge2 Ba6 6. a3 Bxc3+ 7. Nxc3 d5 8. b3
O-O 9. Be2 dxc4 10. bxc4 Nc6 11. Bf3 Qd7 12. Qa4 Bb7 13. O-O Na5 14. Qxd7 Nxd7
15. Bxb7 Nxb7 16. Ne4 Na5 17. Nd2 Rfd8 18. Ra2 c5 19. Rc2 cxd4 20. exd4 e5 21.
Bb2 exd4 22. Bxd4 Rac8 23. g3 Nf8 24. Be3 Ne6 25. Rb1 Rd3 26. c5 bxc5 27. Rb5
Nc6 28. Nb3 h6 29. Rc1 a6 30. Rb6 Ne5 31. Nxc5 Nxc5 32. Rxc5 Rxc5 33. Rb8+ Kh7
34. Bxc5 Nd7 35. Rc8 Rc3 0-1

[Event "Univé Chess Tournament 2009 - Open"]
[Site "Hoogeveen NED"]
[Date "2009.10.16"]
[Round "1.16"]
[White "Ootes, Lars"]
[Black "Mostertman, Milan"]
[Result "0-1"]
[WhiteElo "2384"]
[BlackElo "2138"]
[PlyCount "114"]
[EventDate "2009.10.16"]
[EventType "swiss"]
[EventRounds "9"]
[EventCountry "NED"]
[Source "lmi"]
[SourceDate "2009.10.16"]

1. Nf3 Nf6 2. c4 e6 3. g3 b6 4. Bg2 Bb7 5. O-O Be7 6. Nc3 O-O 7. Re1 d5 8. cxd5
exd5 9. d4 Re8 10. Bf4 Bd6 11. Ne5 Nbd7 12. Nd3 Nf8 13. Nb5 Bxf4 14. gxf4 Qd7
15. Na3 Qg4 16. Rc1 c6 17. e3 Qh4 18. Qf3 Ng6 19. Qh3 Ne4 20. Qxh4 Nxh4 21. Bh1
Nd2 22. Red1 Ndf3+ 23. Bxf3 Nxf3+ 24. Kg2 Nh4+ 25. Kf1 Nf3 26. h3 Re6 27. b4
Rae8 28. b5 Rg6 29. Ne5 Rg1+ 30. Ke2 Rxd1 31. Kxd1 Nxe5 32. fxe5 Rc8 33. bxc6
Rxc6 34. Nb5 Rxc1+ 35. Kxc1 a5 36. Nd6 Ba6 37. a4 h5 38. h4 g5 39. hxg5 h4 40.
Nf5 h3 41. f4 h2 42. Ng3 Bd3 43. Kd2 Be4 44. Kc3 h1=Q 45. Nxh1 Bxh1 46. f5 Be4
47. g6 Bxf5 48. gxf7+ Kxf7 49. Kb3 Bd7 50. e4 dxe4 51. d5 Ke7 52. Kb2 Bxa4 53.
Kc3 e3 54. Kd3 Bb3 55. d6+ Ke6 56. Kxe3 Ba4 57. Kd4 Bc6 0-1

[Event "Univé Chess Tournament 2009 - Open"]
[Site "Hoogeveen NED"]
[Date "2009.10.16"]
[Round "1.17"]
[White "Fehr, Axel"]
[Black "Van Delft, Merijn"]
[Result "1-0"]
[WhiteElo "2128"]
[BlackElo "2374"]
[PlyCount "113"]
[EventDate "2009.10.16"]
[EventType "swiss"]
[EventRounds "9"]
[EventCountry "NED"]
[Source "lmi"]
[SourceDate "2009.10.16"]

1. c4 Nf6 2. g3 g6 3. Bg2 Bg7 4. Nc3 O-O 5. d3 d6 6. e4 c5 7. Nge2 Nc6 8. O-O
a6 9. a3 Rb8 10. Rb1 b5 11. cxb5 axb5 12. b4 cxb4 13. axb4 Bg4 14. h3 Bxe2 15.
Nxe2 Nd7 16. Be3 Nb6 17. Qb3 Na4 18. Rbc1 Qd7 19. Rc2 Rfc8 20. Rfc1 e6 21. Kh2
h5 22. Kg1 Kh7 23. Kh2 Kg8 24. Kg1 Kh7 25. Kh2 Ne7 26. Nd4 Rxc2 27. Rxc2 Rc8
28. Rxc8 Nxc8 29. Qc2 Ne7 30. f4 Bh6 31. Qc1 e5 32. Nf3 Nc6 33. d4 exf4 34.
gxf4 Nxb4 35. Qb1 Na6 36. Bf1 Nc7 37. Ng5+ Bxg5 38. fxg5 d5 39. Bf4 dxe4 40.
Qxe4 Nd5 41. Be5 Nac3 42. Qg2 Qf5 43. Bxb5 Nf4 44. Qa8 Qxh3+ 45. Kg1 Qe3+ 46.
Kh1 Qe1+ 47. Kh2 Qf2+ 48. Kh1 Qe1+ 49. Kh2 Qf2+ 50. Kh1 Qh4+ 51. Kg1 Qxg5+ 52.
Kf1 f6 53. Bc4 Qg2+ 54. Qxg2 Nxg2 55. Kxg2 fxe5 56. dxe5 Ne4 57. Bd5 1-0

[Event "Univé Chess Tournament 2009 - Open"]
[Site "Hoogeveen NED"]
[Date "2009.10.16"]
[Round "1.18"]
[White "De Jong, Migchiel"]
[Black "Mellema, Andries"]
[Result "1-0"]
[WhiteElo "2373"]
[BlackElo "2125"]
[PlyCount "77"]
[EventDate "2009.10.16"]
[EventType "swiss"]
[EventRounds "9"]
[EventCountry "NED"]
[Source "lmi"]
[SourceDate "2009.10.16"]

1. e4 e6 2. d4 d5 3. Nc3 Nf6 4. Bg5 Be7 5. e5 Nfd7 6. Bxe7 Qxe7 7. f4 a6 8. Nf3
c5 9. Qd2 Nc6 10. dxc5 Qxc5 11. Bd3 b5 12. a3 Rb8 13. b4 Qa7 14. Qf2 Qc7 15.
Ne2 Nb6 16. O-O Bd7 17. Qg3 g6 18. f5 Ne7 19. fxg6 hxg6 20. Ng5 Nf5 21. Bxf5
gxf5 22. Nf4 Bc8 23. Rae1 Qe7 24. Nh7 Bb7 25. Qg7 Rxh7 26. Qxh7 Rc8 27. Nh5 Kd8
28. Nf6 Kc7 29. Rf3 Nc4 30. Qh4 Kb8 31. Qd4 Qc7 32. h4 Nb6 33. h5 Nd7 34. Rc3
Qxc3 35. Nxd7+ Ka8 36. Qxc3 Rxc3 37. h6 Ka7 38. Nc5 Rc4 39. Re3 1-0

[Event "Univé Chess Tournament 2009 - Open"]
[Site "Hoogeveen NED"]
[Date "2009.10.16"]
[Round "1.19"]
[White "Hendriks, Richard"]
[Black "Tondivar, Babak"]
[Result "1/2-1/2"]
[WhiteElo "2117"]
[BlackElo "2367"]
[PlyCount "45"]
[EventDate "2009.10.16"]
[EventType "swiss"]
[EventRounds "9"]
[EventCountry "NED"]
[Source "lmi"]
[SourceDate "2009.10.16"]

1. e4 e6 2. d4 d5 3. Nc3 Bb4 4. e5 Ne7 5. Bd2 b6 6. Bb5+ c6 7. Ba4 Bxc3 8. Bxc3
a5 9. a3 Ba6 10. Ne2 Qd7 11. O-O Bb5 12. Bxb5 cxb5 13. Ng3 g6 14. Qd3 Ra7 15.
Bd2 h6 16. h4 Rc7 17. c3 Nbc6 18. h5 a4 19. Qf3 Rh7 20. Qd3 Rh8 21. Qf3 Rh7 22.
Qd3 Rh8 23. Qf3 1/2-1/2

[Event "Univé Chess Tournament 2009 - Open"]
[Site "Hoogeveen NED"]
[Date "2009.10.16"]
[Round "1.20"]
[White "Bezemer, Arno"]
[Black "Hoffman, Ron"]
[Result "0-1"]
[WhiteElo "2364"]
[BlackElo "2107"]
[PlyCount "68"]
[EventDate "2009.10.16"]
[EventType "swiss"]
[EventRounds "9"]
[EventCountry "NED"]
[Source "lmi"]
[SourceDate "2009.10.16"]

1. d4 g6 2. c4 Bg7 3. e4 d6 4. Nc3 Nf6 5. f4 O-O 6. Nf3 Na6 7. Bd3 e5 8. fxe5
dxe5 9. d5 Nc5 10. Bc2 a5 11. O-O Qe7 12. Rb1 Bd7 13. b3 Nh5 14. Kh1 f5 15. Bg5
Bf6 16. Be3 f4 17. Bf2 Kh8 18. a3 g5 19. b4 Na6 20. c5 g4 21. Nd2 Bh4 22. d6
Qg5 23. Nd5 Bxf2 24. Rxf2 Qh4 25. g3 fxg3 26. Rg2 Rf2 27. Rxf2 gxf2 28. Nf1 g3
29. Qf3 Rg8 30. Nde3 Qh3 31. Ng2 Bb5 32. Qc3 Bxf1 33. Qxe5+ Ng7 34. Rxf1 Qxh2#
0-1

[Event "Univé Chess Tournament 2009 - Open"]
[Site "Hoogeveen NED"]
[Date "2009.10.16"]
[Round "1.21"]
[White "Akotchik, Viktor"]
[Black "Vedder, Henk"]
[Result "1/2-1/2"]
[WhiteElo "2102"]
[BlackElo "2364"]
[PlyCount "107"]
[EventDate "2009.10.16"]
[EventType "swiss"]
[EventRounds "9"]
[EventCountry "NED"]
[Source "lmi"]
[SourceDate "2009.10.16"]

1. e4 e6 2. d4 d5 3. e5 b6 4. c3 Qd7 5. Nd2 Ne7 6. Ndf3 c5 7. Nh3 Ng6 8. a3 Ba6
9. Bxa6 Nxa6 10. O-O Be7 11. Re1 Rc8 12. Nfg5 cxd4 13. cxd4 Nb8 14. f4 Bxg5 15.
Nxg5 O-O 16. Qd3 Rc4 17. b3 Rc6 18. Bd2 Rfc8 19. Ra2 h6 20. Nf3 R8c7 21. g4 Ne7
22. Nh4 Qc8 23. f5 Qa6 24. Qe3 exf5 25. gxf5 Qc8 26. e6 fxe6 27. f6 gxf6 28.
Bb4 Kf7 29. Qxh6 Ke8 30. Qh8+ Kd7 31. Qxf6 Qe8 32. Rg2 Kc8 33. Rg7 Ng8 34.
Rxc7+ Kxc7 35. Qg7+ Kc8 36. Rf1 Nd7 37. Rf7 Qd8 38. Nf3 Rc1+ 39. Kg2 Ngf6 40.
Be7 Nh5 41. Qg5 Rc2+ 42. Kf1 Qh8 43. h4 Rc3 44. Ke1 a5 45. Ne5 Kb7 46. Bd6 Nhf6
47. Nxd7 Nxd7 48. Rxd7+ Ka6 49. Qd8 Rc1+ 50. Kd2 Qxd4+ 51. Kxc1 Qg1+ 52. Kd2
Qf2+ 53. Kd3 Qf3+ 54. Kd2 1/2-1/2

[Event "Univé Chess Tournament 2009 - Open"]
[Site "Hoogeveen NED"]
[Date "2009.10.16"]
[Round "1.22"]
[White "Vedder, Richard"]
[Black "Mol, Christiaan"]
[Result "1/2-1/2"]
[WhiteElo "2349"]
[BlackElo "2079"]
[PlyCount "100"]
[EventDate "2009.10.16"]
[EventType "swiss"]
[EventRounds "9"]
[EventCountry "NED"]
[Source "lmi"]
[SourceDate "2009.10.16"]

1. b3 e5 2. Bb2 Nc6 3. c4 Nf6 4. e3 Be7 5. d3 d6 6. Nd2 Bf5 7. Ngf3 O-O 8. Be2
Nb4 9. Qb1 a5 10. O-O Nd7 11. a3 Nc6 12. Bc3 Nc5 13. Qc2 Bf6 14. Rab1 Qd7 15.
b4 axb4 16. axb4 Ne6 17. b5 Ne7 18. Ne4 Bxe4 19. dxe4 Nc5 20. Nd2 g6 21. Ra1
Bg7 22. Ra2 Rxa2 23. Qxa2 f5 24. Bf3 f4 25. exf4 Rxf4 26. Qc2 Rf8 27. Ra1 b6
28. Qd1 Nd3 29. Nf1 Nf4 30. Bg4 Qd8 31. g3 h5 32. gxf4 hxg4 33. fxe5 Bxe5 34.
Bxe5 dxe5 35. Qxd8 Rxd8 36. Ra7 Rd7 37. Ne3 Kf7 38. Nxg4 Ke6 39. Ne3 Kd6 40.
Kf1 Kc5 41. Ke2 Nc8 42. Ra1 Rd4 43. Rg1 Rxe4 44. Rxg6 Nd6 45. Kd3 Rd4+ 46. Kc3
Ne4+ 47. Kb3 Rd3+ 48. Kc2 Rd2+ 49. Kb3 Rd3+ 50. Kc2 Rd2+ 1/2-1/2